<?xml version="1.0" encoding="UTF-8"?>
<record
    xmlns:xsi="http://www.w3.org/2001/XMLSchema-instance"
    xsi:schemaLocation="http://www.loc.gov/MARC21/slim http://www.loc.gov/standards/marcxml/schema/MARC21slim.xsd"
    xmlns="http://www.loc.gov/MARC21/slim">

  <leader>00773nam a22002297a 4500</leader>
  <datafield tag="952" ind1=" " ind2=" ">
    <subfield code="0">0</subfield>
    <subfield code="1">0</subfield>
    <subfield code="4">0</subfield>
    <subfield code="7">0</subfield>
    <subfield code="a">03</subfield>
    <subfield code="b">03</subfield>
    <subfield code="d">2014-09-26</subfield>
    <subfield code="l">2</subfield>
    <subfield code="o">Z246 F64 2000</subfield>
    <subfield code="p">03 007173</subfield>
    <subfield code="r">2018-12-18</subfield>
    <subfield code="s">2018-12-18</subfield>
    <subfield code="t">1</subfield>
    <subfield code="w">2014-09-26</subfield>
    <subfield code="y">LB</subfield>
  </datafield>
  <datafield tag="999" ind1=" " ind2=" ">
    <subfield code="c">94273</subfield>
    <subfield code="d">94273</subfield>
  </datafield>
  <controlfield tag="008">130617s2000    mx a         paspa  spa</controlfield>
  <datafield tag="020" ind1=" " ind2=" ">
    <subfield code="a">9701029534</subfield>
  </datafield>
  <datafield tag="050" ind1=" " ind2=" ">
    <subfield code="a">Z246 </subfield>
    <subfield code="b">F64 2000</subfield>
  </datafield>
  <datafield tag="100" ind1=" " ind2=" ">
    <subfield code="a">Foges, Chris</subfield>
    <subfield code="e">autor</subfield>
  </datafield>
  <datafield tag="240" ind1=" " ind2=" ">
    <subfield code="a">Magazine Design.Pro Graphics</subfield>
    <subfield code="l">espa&#xF1;ol</subfield>
  </datafield>
  <datafield tag="245" ind1="1" ind2=" ">
    <subfield code="a">Dise&#xF1;o de Revistas </subfield>
    <subfield code="c"> / Chris Foges</subfield>
  </datafield>
  <datafield tag="260" ind1=" " ind2=" ">
    <subfield code="a">M&#xE9;xico</subfield>
    <subfield code="b"> : Mc Graw Hill</subfield>
    <subfield code="c">, 2000</subfield>
  </datafield>
  <datafield tag="300" ind1=" " ind2=" ">
    <subfield code="a">159 p&#xE1;ginas</subfield>
    <subfield code="b"> : ilustraciones</subfield>
  </datafield>
  <datafield tag="336" ind1=" " ind2=" ">
    <subfield code="a">texto</subfield>
  </datafield>
  <datafield tag="337" ind1=" " ind2=" ">
    <subfield code="a">sin medio</subfield>
  </datafield>
  <datafield tag="338" ind1=" " ind2=" ">
    <subfield code="a">volumen</subfield>
  </datafield>
  <datafield tag="505" ind1=" " ind2=" ">
    <subfield code="a">Packaging
Formato
Lectura
Estructura
Im&#xE1;genes
Sistemas
Revistas Electr&#xF3;nicas
</subfield>
  </datafield>
  <datafield tag="519" ind1=" " ind2=" ">
    <subfield code="a">Plan Flexible /  
</subfield>
    <subfield code="b">Dise&#xF1;o Gr&#xE1;fico /</subfield>
    <subfield code="c">Dise&#xF1;o Editorial II (P25-1) /</subfield>
    <subfield code="d">(03 007173)</subfield>
  </datafield>
  <datafield tag="650" ind1="1" ind2="0">
    <subfield code="a">DISE&#xD1;O DE REVISTAS</subfield>
  </datafield>
  <datafield tag="710" ind1=" " ind2=" ">
    <subfield code="a">Index Book</subfield>
    <subfield code="e">traductor</subfield>
    <subfield code="9">30027</subfield>
  </datafield>
  <datafield tag="942" ind1=" " ind2=" ">
    <subfield code="c">LB</subfield>
  </datafield>
</record>
